00788nam a22002057a 450000500170000001000150001702000270003203500150005903700130007408200100008724501290009725000060022626000360023227000600026830000200032870000530034894200270040199900190042895201350044720240207111315.0 aENG-139140 a9789383243273c2800.00 aEN- 122672 bDBAD/PUB a230.1 aTHE CONTEMPORARY HINDU TEMPLE:bFragments for a history/cEdited By Annapurna Garimella ,Shriya Sridharan and A.Srivasthsan a1 aMUMBAIbRizio B. Yohannanc2019 aarmy & navy building (3rd floor),148,M.G. road e400001 a152p.c32cm(hb) aShriya sridharan and A.Srivathsaneeditor961799 2ddccENh230.1mHINe1 c200582d200582 001040708REFaZLSbZLSd2024-02-07eDBAD/PUBg2800.00l0o230.1 HINpEN-122672r2024-02-07 00:00:00t1v2800.00w2024-02-07yEN